书目信息 |
| 题名: |
大气环境与健康
|
|
| 作者: | 李林 主编 | |
| 分册: | ||
| 出版信息: | 天津 天津科学技术出版社 2021.3 |
|
| 页数: | 147页 | |
| 开本: | 24cm | |
| 丛书名: | ||
| 单 册: | ||
| 中图分类: | X510.31 | |
| 科图分类: | ||
| 主题词: | 空气污染--影响--健康 | |
| 电子资源: | ||
| ISBN: | 978-7-5576-8365-8 | |
| 000 | 00740nam0 2200229 45 | |
| 001 | 012001000187 | |
| 005 | 20140910163243.0 | |
| 010 | @a978-7-5576-8365-8@dCNY30.00 | |
| 100 | @a20210309d2020 em y0chiy50 ea | |
| 101 | 0 | @achi |
| 102 | @aCN@b120000 | |
| 105 | @ay z 000yy | |
| 106 | @ar | |
| 200 | 1 | @a大气环境与健康@Ada qi huan jing yu jian kang@b专著@f李林编著 |
| 210 | @a天津@c天津科学技术出版社@d2021.3 | |
| 215 | @a147页@d24cm | |
| 330 | @a本书共分五部分,内容包括:大气污染、大气环境健康学、大气污染物的健康危害、大气污染的健康风险评价、大气污染综合防治等。 | |
| 606 | 0 | @a空气污染@x影响@x健康 |
| 690 | @aX510.31@v5 | |
| 701 | 0 | @a李林@Ali lin@4主编 |
| 801 | 0 | @aCN@bBJSDL@c20211011 |
| 905 | @b1330718-21@dX510.31@e243@f4 | |
| 大气环境与健康/李林编著.-天津:天津科学技术出版社,2021.3 |
| 147页;24cm |
| ISBN 978-7-5576-8365-8:CNY30.00 |
| 本书共分五部分,内容包括:大气污染、大气环境健康学、大气污染物的健康危害、大气污染的健康风险评价、大气污染综合防治等。 |
| ● |
| 相关链接 |
|
|
|
|
正题名:大气环境与健康
索取号:X510.31/243
 
预约/预借
| 序号 | 登录号 | 条形码 | 馆藏地/架位号 | 状态 | 备注 |
| 1 | 1330718 | 213307189 | 第二样本阅览室/ [索取号:X510.31/243] | 在馆 | |
| 2 | 1330719 | 213307198 | 第三借阅区/ [索取号:X510.31/243] | 在馆 | |
| 3 | 1330720 | 213307205 | 第三借阅区/ [索取号:X510.31/243] | 在馆 | |
| 4 | 1330721 | 213307214 | 第三借阅区/ [索取号:X510.31/243] | 在馆 |